Practical handbook for wetland identification and delineation (Record no. 102502)

MARC details
000 -LEADER
fixed length control field 00874cam a2200241 4500
008 - FIXED-LENGTH DATA ELEMENTS--GENERAL INFORMATION
fixed length control field #DATE n1993 000 0 eng u
020 ## - INTERNATIONAL STANDARD BOOK NUMBER
International Standard Book Number 087371590X
035 ## - SYSTEM CONTROL NUMBER
System control number (Sirsi) u120187
041 ## - LANGUAGE CODE
Language code of text/sound track or separate title eng
050 ## - LIBRARY OF CONGRESS CALL NUMBER
Classification number 574.52632
100 ## - MAIN ENTRY--PERSONAL NAME
Personal name Lyon, J.
245 ## - TITLE STATEMENT
Title Practical handbook for wetland identification and delineation
260 ## - PUBLICATION, DISTRIBUTION, ETC.
Place of publication, distribution, etc. Florida
Name of publisher, distributor, etc. CRC Press Ltd
Date of publication, distribution, etc. 1993
300 ## - PHYSICAL DESCRIPTION
Extent 157p.
Dimensions 25cm.
350 ## - PRICE (NR) (BK AM CF MU VM SE) [OBSOLETE]
Price 68
520 ## - SUMMARY, ETC.
Summary, etc. Defines wetlands, describes their characteristics, and provides a variety of methods to identify their extent. Chapters examine the soil, hydrology, and plant characteristics of wetlands and the general chemical and biological processes that create these wetland environments.
650 ## - SUBJECT ADDED ENTRY--TOPICAL TERM
Topical term or geographic name entry element CONSERVATION
650 ## - SUBJECT ADDED ENTRY--TOPICAL TERM
Topical term or geographic name entry element SOIL
650 ## - SUBJECT ADDED ENTRY--TOPICAL TERM
Topical term or geographic name entry element WETLANDS
650 ## - SUBJECT ADDED ENTRY--TOPICAL TERM
Topical term or geographic name entry element HYDROLOGY
690 ## - LOCAL SUBJECT ADDED ENTRY--TOPICAL TERM (OCLC, RLIN)
Topical term or geographic name as entry element ENVIRONMENTAL AND LAND CONSULTANCY
942 ## - ADDED ENTRY ELEMENTS (KOHA)
Suppress in OPAC 0
Holdings
Withdrawn status Lost status Source of classification or shelving scheme Damaged status Not for loan Home library Current library Shelving location Date acquired Total Checkouts Full call number Barcode Date last seen Copy number Price effective from Koha item type
    Dewey Decimal Classification     London London Books 21/10/2002   574.52632 LYO 30066562 06/08/2019 1 06/08/2019 Book